000 00899nab a2200289 4500
003 BR-BrBNA
005 20250421125053.0
008 250421b bl.||||| |||| 00| 0 por d
040 _aBR-BrBNA
_bpor
072 _aL01 ; P06 ; E70 ; P01
_b4620 ; 5300
100 _aMorais, Larissa
245 _aO porco virou carbono
_bAgronegócios
500 _a2 illus.
650 _aSUÍNO
650 _aRESÍDUO ORGÂNICO
650 _aMETANO
650 _aGASES EFEITO ESTUFA
650 _aBIODIGESTOR
650 _aQUEIMA
650 _aSEQUESTRO DE CARBONO
650 _aGÁS
650 _aCOMERCIALIZAÇÃO
650 _aPROTEÇÃO AMBIENTAL
773 0 _01706
_9347837
_dSão Paulo-SP Editora Três Ltda - E-mail: luizfsa@revistadinheiro.com.br 2004
_o2025-0338
_tDinheiro Rural (Brazil)
_x1807-3700
_gv. 4(28) p. 45; (Feb 2007)
_wBR2025000848
942 _cANA
999 _c331125
_d331125